[Event "Catas Altas Caraca op 4th"]
[Site "Catas Altas"]
[Date "2023.03.11"]
[Round "4"]
[White "Barreto De Jeus, Leonardo"]
[Black "Mecking, Henrique"]
[Result "0-1"]
[WhiteElo "1781"]
[BlackElo "2553"]
[PlyCount "102"]
[EventDate "2023.03.11"]
[EventType "swiss (rapid)"]
[EventRounds "7"]
[EventCountry "BRA"]
[SourceTitle "CBM 213 Extra"]
[Source "ChessBase"]
[SourceDate "2023.05.31"]
[SourceVersion "1"]
[SourceVersionDate "2023.05.31"]
[SourceQuality "1"]

1. e4 c5 2. Nf3 Nc6 3. d4 cxd4 4. Nxd4 Nf6 5. Nc3 e5 6. Nb3 Bb4 7. Bd3 d5 8. exd5 Nxd5 9. Bd2 Nxc3 10. bxc3 Be7 11. 0-0 0-0 12. Qh5 g6 13. Qf3 Be6 14. Bh6 Re8 15. Rfd1 Qc7 16. Be4 Rad8 17. Bxc6 bxc6 18. Rxd8 Rxd8 19. Rd1 Rd5 20. h3 f6 21. Be3 Kf7 22. Qe2 Rxd1+ 23. Qxd1 c5 24. Qe2 c4 25. Nd2 Qa5 26. Nxc4 Qxa2 27. Nd2 Qa1+ 28. Kh2 Qxc3 29. Bxa7 Qxc2 30. Be3 Qc6 31. Nf3 Bd5 32. Kg3 Bd6 33. Nd2 Bxg2 34. f3 Bxf3 35. Nxf3 e4+ 36. Kg2 exf3+ 37. Qxf3 Qxf3+ 38. Kxf3 Ke6 39. Bh6 Kf5 40. Bd2 g5 41. Bc1 h5 42. Bb2 Be5 43. Bc1 g4+ 44. hxg4+ hxg4+ 45. Kg2 Ke4 46. Bh6 f5 47. Bf8 f4 48. Bc5 f3+ 49. Kf1 g3 50. Bg1 g2+ 51. Ke1 Bg3+ 0-1

[Event "Sao Jose dos Campos Rapid"]
[Site "Sao Paulo"]
[Date "2021.06.27"]
[Round "1"]
[White "Amaral, Danilo Tokechi"]
[Black "Mecking, Henrique"]
[Result "0-1"]
[WhiteElo "1513"]
[BlackElo "2553"]
[PlyCount "48"]
[EventDate "2021.06.27"]
[EventType "swiss (rapid)"]
[EventRounds "6"]
[EventCountry "BRA"]
[SourceTitle "EXT 2022"]
[Source "ChessBase"]
[SourceDate "2021.10.06"]
[SourceVersion "1"]
[SourceVersionDate "2021.10.06"]
[SourceQuality "1"]

1. e4 c5 2. Nf3 d6 3. d4 cxd4 4. Nxd4 Nf6 5. Nc3 a6 6. a4 Nc6 7. Be2 g6 8. 0-0 Bg7 9. Be3 0-0 10. Qd2 Bd7 11. f4 Rc8 12. f5 Ne5 13. fxg6 fxg6 14. Bh6 Bxh6 15. Qxh6 Qb6 16. Qd2 Qxb2 17. Nd5 Nxd5 18. exd5 Qb6 19. Kh1 Rxf1+ 20. Rxf1 Rf8 21. Rxf8+ Kxf8 22. h3 Kg8 23. Ne6 Bxe6 24. dxe6 Qf2 0-1

[Event "Sao Jose dos Campos Rapid"]
[Site "Sao Paulo"]
[Date "2021.06.27"]
[Round "6"]
[White "Mecking, Henrique"]
[Black "Miquelin, Nicolas Seoane"]
[Result "1-0"]
[WhiteElo "2553"]
[BlackElo "2047"]
[PlyCount "59"]
[EventDate "2021.06.27"]
[EventType "swiss (rapid)"]
[EventRounds "6"]
[EventCountry "BRA"]
[SourceTitle "EXT 2022"]
[Source "ChessBase"]
[SourceDate "2021.10.06"]
[SourceVersion "1"]
[SourceVersionDate "2021.10.06"]
[SourceQuality "1"]

1. d4 Nf6 2. c4 g6 3. Nc3 d5 4. Nf3 Bg7 5. Qb3 dxc4 6. Qxc4 0-0 7. Bf4 Bg4 8. 0-0-0 Nc6 9. e4 Bxf3 10. gxf3 Nh5 11. Be3 e5 12. dxe5 Qh4 13. e6 fxe6 14. Qxe6+ Kh8 15. Rd7 Rxf3 16. Bb5 Nf4 17. Qb3 Ne5 18. Rxc7 Nfd3+ 19. Bxd3 Nxd3+ 20. Kb1 Nxf2 21. Bxf2 Rxf2 22. Rxg7 Rc8 23. Qxb7 Rxc3 24. bxc3 Qh3 25. Rd1 Rf8 26. Rf7 Re8 27. Qc7 Qh4 28. Rfd7 Qxe4+ 29. Ka1 g5 30. Rd8 1-0

[Event "Niteroi op 1st"]
[Site "Niteroi"]
[Date "2019.09.06"]
[Round "4"]
[White "Mecking, Henrique"]
[Black "Guimaraes, Diogo Duarte"]
[Result "1/2-1/2"]
[WhiteElo "2564"]
[BlackElo "2296"]
[PlyCount "132"]
[EventDate "2019.09.04"]
[EventType "swiss"]
[EventRounds "7"]
[EventCountry "BRA"]
[SourceTitle "EXT 2020"]
[Source "ChessBase"]
[SourceDate "2019.10.17"]
[SourceVersion "1"]
[SourceVersionDate "2019.10.17"]
[SourceQuality "1"]

1. d4 Nf6 2. c4 c6 3. Nf3 d5 4. Nc3 a6 5. e3 Bf5 6. Bd3 Bxd3 7. Qxd3 Nbd7 8. 0-0 e6 9. e4 dxe4 10. Nxe4 Be7 11. Bf4 Nxe4 12. Qxe4 0-0 13. Rfd1 Nf6 14. Qe2 Qa5 15. a3 Rfd8 16. Rac1 Qf5 17. Be5 Bd6 18. h3 Bxe5 19. Qxe5 Qxe5 20. Nxe5 Rd6 21. Rd3 Rad8 22. Rcd1 Nd7 23. Nf3 a5 24. b3 Nc5 25. Re3 Na6 26. Kf1 Kf8 27. Ke2 c5 28. Red3 Ke7 29. R3d2 h6 30. dxc5 Nxc5 31. Rxd6 Rxd6 32. Rxd6 Kxd6 33. Nd4 g6 34. b4 axb4 35. axb4 Na6 36. Nc2 e5 37. Kd3 f5 38. c5+ Kc6 39. Kc4 Nc7 40. b5+ Kd7 41. Nb4 Ne6 42. Nd3 e4 43. Ne5+ Kd8 44. Nxg6 f4 45. Ne5 e3 46. fxe3 fxe3 47. c6 bxc6 48. Nxc6+ Kc7 49. Kd3 Nf4+ 50. Kxe3 Nxg2+ 51. Kf3 Ne1+ 52. Kg4 Nc2 53. Kh5 Kb6 54. Kxh6 Kxb5 55. Ne5 Ne3 56. Kg5 Ng2 57. Nd3 Kc6 58. Nb4+ Kd6 59. Nc2 Ke5 60. Kg4 Ke4 61. Kg3 Nf4 62. h4 Ng6 63. h5 Ne5 64. Kh4 Kf5 65. Ne3+ Kf6 66. Nd5+ Kf5 1/2-1/2

[Event "American Continental 15th"]
[Site "Sao Paulo"]
[Date "2019.07.05"]
[Round "1"]
[White "Mecking, Henrique"]
[Black "Araujo, Jose Roberto"]
[Result "1-0"]
[WhiteElo "2576"]
[BlackElo "2079"]
[PlyCount "47"]
[EventDate "2019.07.05"]
[EventType "swiss"]
[EventRounds "11"]
[EventCountry "BRA"]
[SourceTitle "CBM 191 Extra"]
[Source "ChessBase"]
[SourceDate "2019.09.30"]
[SourceVersion "1"]
[SourceVersionDate "2019.09.30"]
[SourceQuality "1"]

1. d4 Nf6 2. c4 g6 3. Nc3 Bg7 4. e4 d6 5. f3 0-0 6. Be3 e5 7. d5 c6 8. Qd2 cxd5 9. cxd5 a6 10. Bd3 Nbd7 11. Nge2 b5 12. 0-0 Bb7 13. b4 Ne8 14. g4 Nb6 15. a4 Nc4 16. Bxc4 bxc4 17. Ng3 Nf6 18. Kh1 h5 19. gxh5 Nxh5 20. Nxh5 gxh5 21. Rg1 f6 22. Bh6 Rf7 23. Bxg7 Rxg7 24. Qh6 1-0

[Event "Londrina Ermel Memorial 5th"]
[Site "Londrina"]
[Date "2018.12.16"]
[Round "6"]
[White "Garcia Palermo, Carlos H"]
[Black "Mecking, Henrique"]
[Result "1/2-1/2"]
[WhiteElo "2391"]
[BlackElo "2576"]
[PlyCount "81"]
[EventDate "2018.12.15"]
[EventType "swiss (rapid)"]
[EventRounds "7"]
[EventCountry "BRA"]
[SourceTitle "EXT 2020"]
[Source "ChessBase"]
[SourceDate "2019.10.17"]
[SourceVersion "1"]
[SourceVersionDate "2019.10.17"]
[SourceQuality "1"]

1. d4 Nf6 2. Bf4 g6 3. e3 Bg7 4. Nf3 d6 5. h3 0-0 6. Be2 b6 7. 0-0 Bb7 8. a4 c5 9. c3 cxd4 10. cxd4 a5 11. Nc3 Nc6 12. d5 Nb4 13. e4 Nd7 14. Be3 Nc5 15. Nd4 Kh8 16. Bb5 Rc8 17. Qe2 e6 18. dxe6 fxe6 19. Qg4 Qe7 20. Rad1 Rcd8 21. Bc4 e5 22. Ndb5 Bc8 23. Qe2 Bb7 24. Nd5 Nxd5 25. Bxd5 Bc8 26. Bxc5 dxc5 27. Rd3 Ba6 28. Rfd1 Bf6 29. Rf3 Bh4 30. Rxf8+ Rxf8 31. g3 Bf6 32. Bc4 Bxb5 33. axb5 Rd8 34. Bd5 Kg7 35. Kg2 Rd6 36. h4 h5 37. b3 Qd7 38. Bc6 Qd8 39. Rxd6 Qxd6 40. Bd5 Kf8 41. Qf3 1/2-1/2

[Event "Londrina Ermel Memorial 5th"]
[Site "Londrina"]
[Date "2018.12.15"]
[Round "2"]
[White "Ramazzotte, Alexandre Franco"]
[Black "Mecking, Henrique"]
[Result "0-1"]
[WhiteElo "1833"]
[BlackElo "2576"]
[PlyCount "55"]
[EventDate "2018.12.15"]
[EventType "swiss (rapid)"]
[EventRounds "7"]
[EventCountry "BRA"]
[SourceTitle "EXT 2020"]
[Source "ChessBase"]
[SourceDate "2019.10.17"]
[SourceVersion "1"]
[SourceVersionDate "2019.10.17"]
[SourceQuality "1"]

1. e4 c5 2. Nf3 d6 3. d4 cxd4 4. Nxd4 Nf6 5. Bd3 Nc6 6. Nxc6 bxc6 7. c4 g6 8. Nc3 Bg7 9. h3 0-0 10. Qc2 Nd7 11. Be3 Ne5 12. Be2 c5 13. 0-0 f5 14. f4 Nc6 15. exf5 Nd4 16. Bxd4 cxd4 17. Ne4 gxf5 18. Nf2 e5 19. fxe5 dxe5 20. Rad1 Rb8 21. b3 e4 22. Rfe1 d3 23. Qc1 Qh4 24. Bf1 Bd4 25. Rd2 e3 26. Rxe3 Bxe3 27. Qe1 f4 28. Rxd3 0-1

[Event "BRA-ch 84th"]
[Site "Rio de Janeiro"]
[Date "2018.02.10"]
[Round "3.1"]
[White "Mecking, Henrique"]
[Black "Mekhitarian, Krikor Sevag"]
[Result "1/2-1/2"]
[WhiteElo "2597"]
[BlackElo "2533"]
[PlyCount "50"]
[EventDate "2018.02.06"]
[EventType "k.o."]
[EventRounds "4"]
[EventCountry "BRA"]
[SourceTitle "CBM 182 Extra"]
[Source "ChessBase"]
[SourceDate "2018.02.23"]
[SourceVersion "1"]
[SourceVersionDate "2018.02.23"]
[SourceQuality "1"]

1. d4 Nf6 2. c4 e6 3. Nf3 d5 4. Nc3 Bb4 5. Bg5 h6 6. Bxf6 Qxf6 7. Qa4+ Nc6 8. cxd5 exd5 9. e3 0-0 10. Be2 Be6 11. a3 Bd6 12. Nb5 Bg4 13. h3 Bxf3 14. Bxf3 Ne7 15. 0-0 c6 16. Nxd6 Qxd6 17. Qc2 Nc8 18. b4 a6 19. Rfc1 Qe7 20. Qc5 Re8 21. a4 Nd6 22. Be2 Kf8 23. Bd3 Rec8 24. Qb6 Qc7 25. Qxc7 Rxc7 1/2-1/2

[Event "Barretos JAI"]
[Site "Barretos"]
[Date "2015.12.??"]
[Round "4"]
[White "Mecking, Henrique"]
[Black "Dejeanne, Francisco Horacio"]
[Result "1-0"]
[WhiteElo "2606"]
[BlackElo "2249"]
[PlyCount "61"]
[EventDate "2015.12.01"]
[EventType "team-tourn"]
[EventRounds "5"]
[EventCountry "BRA"]
[SourceTitle "EXT 2022"]
[Source "ChessBase"]
[SourceDate "2021.10.06"]
[SourceVersion "1"]
[SourceVersionDate "2021.10.06"]
[SourceQuality "1"]
[WhiteTeam "Piracicaba"]
[BlackTeam "Mogi das Cruzes"]
[WhiteTeamCountry "BRA"]
[BlackTeamCountry "BRA"]

1. d4 d5 2. c4 e6 3. Nc3 Nf6 4. cxd5 exd5 5. Bg5 c6 6. e3 Be7 7. Bd3 Nbd7 8. Qc2 Nf8 9. Nge2 Ne6 10. Bh4 g6 11. 0-0 0-0 12. Rad1 Nd7 13. Bxe7 Qxe7 14. f3 f5 15. e4 fxe4 16. fxe4 dxe4 17. Nxe4 Nb6 18. Rxf8+ Nxf8 19. Qc5 Qg7 20. Rf1 Bf5 21. Bc4+ Kh8 22. Nd6 Be6 23. Rxf8+ Rxf8 24. Bxe6 Nd7 25. Bxd7 Qxd7 26. Qe5+ Kg8 27. Nc3 b6 28. h3 Qd8 29. d5 c5 30. Nde4 a6 31. d6 1-0

[Event "Barretos JAI"]
[Site "Barretos"]
[Date "2015.12.??"]
[Round "1"]
[White "Mecking, Henrique"]
[Black "Mareco, Sandro"]
[Result "1/2-1/2"]
[WhiteElo "2606"]
[BlackElo "2625"]
[PlyCount "69"]
[EventDate "2015.12.01"]
[EventType "team-tourn"]
[EventRounds "5"]
[EventCountry "BRA"]
[SourceTitle "EXT 2022"]
[Source "ChessBase"]
[SourceDate "2021.10.06"]
[SourceVersion "1"]
[SourceVersionDate "2021.10.06"]
[SourceQuality "1"]
[WhiteTeam "Piracicaba"]
[BlackTeam "Sao Jose dos Campos"]
[WhiteTeamCountry "BRA"]
[BlackTeamCountry "BRA"]

1. d4 Nf6 2. c4 e6 3. Nf3 b6 4. g3 Ba6 5. Nbd2 d5 6. Bg2 Be7 7. Ne5 0-0 8. 0-0 Bb7 9. b3 c5 10. dxc5 Bxc5 11. Bb2 Nc6 12. Nxc6 Bxc6 13. e3 Rc8 14. Qe2 Qe7 15. Rac1 Rfd8 16. Rc2 d4 17. exd4 Bxg2 18. Kxg2 Bxd4 19. Bxd4 Rxd4 20. Nf3 Qb7 21. Kg1 Rd6 22. Rd1 Rxd1+ 23. Qxd1 Ne4 24. Qd3 h6 25. Re2 Nc5 26. Qe3 Rd8 27. Rd2 Rxd2 28. Nxd2 Qd7 29. b4 Nd3 30. a3 e5 31. Kf1 f5 32. Ke2 Nc1+ 33. Kd1 Nd3 34. Ke2 Nc1+ 35. Kd1 1/2-1/2

[Event "Pan American-chT 9th"]
[Site "Campinas"]
[Date "2013.01.28"]
[Round "6.1"]
[White "Mecking, Henrique"]
[Black "Dominguez Perez, Leinier"]
[Result "1/2-1/2"]
[WhiteElo "2604"]
[BlackElo "2723"]
[PlyCount "119"]
[EventDate "2013.01.24"]
[EventType "team-tourn"]
[EventRounds "6"]
[EventCountry "BRA"]
[SourceTitle "CBM 153"]
[Source "ChessBase"]
[SourceDate "2013.03.14"]
[SourceVersion "1"]
[SourceVersionDate "2013.03.14"]
[SourceQuality "1"]
[WhiteTeam "Brazil"]
[BlackTeam "Cuba"]
[WhiteTeamCountry "BRA"]
[BlackTeamCountry "CUB"]

1. d4 Nf6 2. c4 g6 3. Nc3 d5 4. cxd5 Nxd5 5. Bd2 Bg7 6. e4 Nxc3 7. Bxc3 0-0 8. Nf3 Bg4 9. Be2 c5 10. d5 e6 11. 0-0 exd5 12. exd5 Nd7 13. h3 Bxf3 14. Bxf3 Ne5 15. g3 Qd6 16. Bg2 b5 17. b3 Rac8 18. f4 Nd7 19. Bxg7 Kxg7 20. Rc1 Rfe8 21. Re1 Kg8 22. Rxe8+ Rxe8 23. Qd2 a6 24. Bf3 Nb6 25. a4 bxa4 26. bxa4 Nxa4 27. Ra1 Nb6 28. Rxa6 Ra8 29. Rxa8+ Nxa8 30. Kf2 Nb6 31. h4 Qf6 32. d6 Nc4 33. Qd5 Nxd6 34. Qxc5 Qb2+ 35. Kg1 Nf5 36. Qf2 Qc1+ 37. Kh2 h5 38. Bg2 Ne3 39. Bh3 Qc3 40. Qe2 Kg7 41. Qf2 Qd4 42. Qe2 Kg8 43. Kh1 Kf8 44. Kh2 Qe4 45. Kg1 Qd4 46. Kf2 Ng4+ 47. Kf1 Ne3+ 48. Kf2 Nd5+ 49. Kg2 Nc3 50. Qf2 Qd3 51. Qf3 Qd2+ 52. Qf2 Qd5+ 53. Kh2 Ne4 54. Bg2 Qd3 55. Qf3 Qxf3 56. Bxf3 Nd6 57. g4 hxg4 58. Bxg4 Kg7 59. h5 gxh5 60. Bxh5 1/2-1/2

[Event "Pan American-chT 9th"]
[Site "Campinas"]
[Date "2013.01.26"]
[Round "3.1"]
[White "Dominguez Perez, Leinier"]
[Black "Mecking, Henrique"]
[Result "1/2-1/2"]
[WhiteElo "2723"]
[BlackElo "2604"]
[PlyCount "51"]
[EventDate "2013.01.24"]
[EventType "team-tourn"]
[EventRounds "6"]
[EventCountry "BRA"]
[SourceTitle "CBM 153"]
[Source "ChessBase"]
[SourceDate "2013.03.14"]
[SourceVersion "1"]
[SourceVersionDate "2013.03.14"]
[SourceQuality "1"]
[WhiteTeam "Cuba"]
[BlackTeam "Brazil"]
[WhiteTeamCountry "CUB"]
[BlackTeamCountry "BRA"]

1. e4 e5 2. Nf3 Nc6 3. Bb5 a6 4. Ba4 Nf6 5. Nc3 Be7 6. Bxc6 dxc6 7. Nxe5 Nxe4 8. Nxe4 Qd4 9. 0-0 Qxe5 10. Re1 Be6 11. d3 Qd5 12. b3 0-0 13. Bb2 Rae8 14. Qd2 f6 15. Re2 Bd7 16. Rae1 Bd6 17. c4 Qh5 18. Nxd6 cxd6 19. Ba3 c5 20. d4 cxd4 21. h3 Rxe2 22. Rxe2 Re8 23. Rxe8+ Qxe8 24. Qxd4 Qe1+ 25. Kh2 Qe5+ 26. Qxe5 1/2-1/2

[Event "Pan American-chT 9th"]
[Site "Campinas"]
[Date "2013.01.25"]
[Round "2.1"]
[White "Mecking, Henrique"]
[Black "Onischuk, Alexander"]
[Result "1/2-1/2"]
[WhiteElo "2604"]
[BlackElo "2660"]
[PlyCount "29"]
[EventDate "2013.01.24"]
[EventType "team-tourn"]
[EventRounds "6"]
[EventCountry "BRA"]
[SourceTitle "CBM 153"]
[Source "ChessBase"]
[SourceDate "2013.03.14"]
[SourceVersion "1"]
[SourceVersionDate "2013.03.14"]
[SourceQuality "1"]
[WhiteTeam "Brazil"]
[BlackTeam "United States"]
[WhiteTeamCountry "BRA"]
[BlackTeamCountry "USA"]

1. d4 Nf6 2. c4 e6 3. Nc3 Bb4 4. e3 0-0 5. Bd3 d5 6. Nf3 c5 7. 0-0 dxc4 8. Bxc4 Nbd7 9. Bd2 cxd4 10. exd4 b6 11. Qe2 Bb7 12. Rac1 Bxc3 13. Bxc3 Rc8 14. Bd3 Nd5 15. Bd2 1/2-1/2

[Event "Bauru JAI"]
[Site "Bauru"]
[Date "2012.11.??"]
[Round "3"]
[White "Fier, Alexandr"]
[Black "Mecking, Henrique"]
[Result "1-0"]
[WhiteElo "2567"]
[BlackElo "2604"]
[PlyCount "123"]
[EventDate "2012.11.17"]
[EventType "team-tourn"]
[EventRounds "5"]
[EventCountry "BRA"]
[SourceTitle "EXT 2022"]
[Source "ChessBase"]
[SourceDate "2021.10.06"]
[SourceVersion "1"]
[SourceVersionDate "2021.10.06"]
[SourceQuality "1"]
[WhiteTeam "Americana"]
[BlackTeam "Sao Bernardo do Campo"]
[WhiteTeamCountry "BRA"]
[BlackTeamCountry "BRA"]

1. d4 Nf6 2. Bg5 c5 3. Bxf6 gxf6 4. d5 Qb6 5. Qc1 Bg7 6. c4 f5 7. Nc3 Qa5 8. e3 Bxc3+ 9. bxc3 d6 10. Bd3 e6 11. Ne2 Nd7 12. 0-0 Ne5 13. Bc2 Bd7 14. e4 fxe4 15. Qg5 Qd8 16. Qg7 Ke7 17. Qg5+ f6 18. Qh4 Qg8 19. Bxe4 Qg5 20. Qxg5 fxg5 21. f4 Nxc4 22. dxe6 Bxe6 23. Rfe1 d5 24. Bd3 h6 25. Ng3 gxf4 26. Nh5 Rhf8 27. Bxc4 dxc4 28. Re4 Kf7 29. Rf1 Bd5 30. Re5 Bc6 31. Rxf4+ Kg8 32. Rg4+ Kh8 33. Rg6 Rf7 34. Nf6 Rd8 35. h3 Rxf6 36. Rxf6 Kg7 37. Rf2 Rd3 38. Rc2 Ba4 39. Rce2 Rxc3 40. Rxc5 Rc1+ 41. Kh2 Bc6 42. g4 Rc3 43. Rf2 Rc1 44. h4 c3 45. h5 a6 46. Kg3 Kg8 47. Kf4 Kf7 48. Re2 Rf1+ 49. Ke3 Rf3+ 50. Kd4 Rf4+ 51. Kxc3 Rxg4 52. Rf5+ Kg8 53. Re7 Rg5 54. Rxg5+ hxg5 55. h6 g4 56. Rg7+ Kh8 57. Rxg4 Kh7 58. Rh4 b5 59. Kb4 Bf3 60. Ka5 Be2 61. Kxa6 Bc4 62. a4 1-0

[Event "Caxias do Sul op 12th"]
[Site "Caxias do Sul"]
[Date "2012.03.04"]
[Round "7"]
[White "Mecking, Henrique"]
[Black "Souza, Ivan Boere"]
[Result "1-0"]
[WhiteElo "2589"]
[BlackElo "2283"]
[PlyCount "59"]
[EventDate "2012.03.03"]
[EventType "swiss (rapid)"]
[EventRounds "9"]
[EventCountry "BRA"]
[SourceTitle "CBM 147 Extra"]
[Source "ChessBase"]
[SourceDate "2012.04.24"]
[SourceVersion "1"]
[SourceVersionDate "2012.04.24"]
[SourceQuality "1"]

1. d4 Nf6 2. c4 e6 3. Nc3 c5 4. d5 exd5 5. cxd5 d6 6. e4 g6 7. f4 Bg7 8. Bb5+ Nfd7 9. a4 0-0 10. Nf3 Na6 11. 0-0 Nc7 12. Bd3 Nf6 13. h3 a6 14. Re1 Rb8 15. Bf1 b5 16. e5 Nfe8 17. axb5 axb5 18. Be3 b4 19. Ne4 Bb7 20. Bc4 dxe5 21. fxe5 Bxd5 22. Bxd5 Nxd5 23. Bxc5 Nec7 24. Bxf8 Qxf8 25. Qd4 Rd8 26. Qc5 Qe8 27. Nd6 Qd7 28. Ra7 Bxe5 29. Nxf7 Bxb2 30. Nxd8 1-0

[Event "Caxias do Sul op 12th"]
[Site "Caxias do Sul"]
[Date "2012.03.03"]
[Round "6"]
[White "El Debs, Felipe de Cresce"]
[Black "Mecking, Henrique"]
[Result "1/2-1/2"]
[WhiteElo "2507"]
[BlackElo "2589"]
[PlyCount "42"]
[EventDate "2012.03.03"]
[EventType "swiss (rapid)"]
[EventRounds "9"]
[EventCountry "BRA"]
[SourceTitle "CBM 147 Extra"]
[Source "ChessBase"]
[SourceDate "2012.04.24"]
[SourceVersion "1"]
[SourceVersionDate "2012.04.24"]
[SourceQuality "1"]

1. Nf3 Nf6 2. c4 g6 3. Nc3 Bg7 4. e4 d6 5. d4 0-0 6. Be2 e5 7. Be3 Ng4 8. Bg5 f6 9. Bc1 Nc6 10. h3 exd4 11. Nxd4 Nge5 12. Nxc6 bxc6 13. f4 Nf7 14. 0-0 f5 15. exf5 Bxf5 16. Bf3 Qb8 17. Kh1 Qb6 18. Qd2 Qb4 19. Bxc6 Qxc4 20. Bb5 Qd4 21. Rb1 Be4 1/2-1/2

[Event "Caxias do Sul op 12th"]
[Site "Caxias do Sul"]
[Date "2012.03.03"]
[Round "5"]
[White "Mecking, Henrique"]
[Black "Hungaski, Robert Andrew"]
[Result "1/2-1/2"]
[WhiteElo "2589"]
[BlackElo "2507"]
[PlyCount "54"]
[EventDate "2012.03.03"]
[EventType "swiss (rapid)"]
[EventRounds "9"]
[EventCountry "BRA"]
[SourceTitle "CBM 147 Extra"]
[Source "ChessBase"]
[SourceDate "2012.04.24"]
[SourceVersion "1"]
[SourceVersionDate "2012.04.24"]
[SourceQuality "1"]

1. d4 Nf6 2. c4 c5 3. d5 e6 4. Nc3 exd5 5. cxd5 d6 6. e4 g6 7. f4 Bg7 8. Bb5+ Nfd7 9. a4 Qh4+ 10. g3 Qd8 11. Nf3 0-0 12. Kf2 Na6 13. Kg2 Nb4 14. h3 a6 15. Bc4 b6 16. Re1 Re8 17. Qb3 Nf6 18. e5 Qd7 19. g4 Nxg4 20. hxg4 Qxg4+ 21. Kf2 Bf5 22. Ne4 dxe5 23. Rg1 Qh5 24. Ng3 Qg4 25. Ne4 Qh5 26. Ng3 Qg4 27. Ne4 Qh5 1/2-1/2

[Event "BRA-ch 78th"]
[Site "Campinas"]
[Date "2011.12.19"]
[Round "10"]
[White "Barbosa, Evandro Amorim"]
[Black "Mecking, Henrique"]
[Result "0-1"]
[WhiteElo "2412"]
[BlackElo "2590"]
[PlyCount "96"]
[EventDate "2011.12.10"]
[EventType "tourn"]
[EventRounds "11"]
[EventCountry "BRA"]
[EventCategory "10"]
[SourceTitle "CBM 145 Extra"]
[Source "ChessBase"]
[SourceDate "2012.01.03"]
[SourceVersion "1"]
[SourceVersionDate "2012.01.03"]
[SourceQuality "1"]

1. e4 e5 2. Nf3 Nc6 3. d4 exd4 4. Nxd4 Nf6 5. Nxc6 bxc6 6. e5 Qe7 7. Qe2 Nd5 8. Nd2 g6 9. c4 Ba6 10. Nf3 Qb4+ 11. Kd1 Nb6 12. b3 Bg7 13. Qd2 Qxd2+ 14. Bxd2 d6 15. c5 Bxf1 16. Rxf1 dxe5 17. cxb6 e4 18. Rc1 exf3 19. Re1+ Kd7 20. bxc7 fxg2 21. Bf4 Rhe8 22. Kc2 Rxe1 23. Rxe1 Bd4 24. Rd1 c5 25. b4 Kc6 26. Rg1 cxb4 27. Rxg2 Bb6 28. Kb3 Bxc7 29. Bxc7 Kxc7 30. Kxb4 Re8 31. Rg3 Re4+ 32. Kc5 Rf4 33. Ra3 Rxf2 34. Rxa7+ Kb8 35. Ra6 Kb7 36. Rb6+ Kc7 37. Ra6 Kd7 38. h3 Rf3 39. Kd5 Ke7 40. h4 Rf5+ 41. Ke4 Rh5 42. a4 Rxh4+ 43. Ke5 h5 44. a5 Kf8 45. Ra8+ Kg7 46. a6 Ra4 47. a7 h4 48. Kd5 h3 0-1

[Event "BRA-ch 78th"]
[Site "Campinas"]
[Date "2011.12.17"]
[Round "8"]
[White "Dos Santos, Haroldo Cunha Jr"]
[Black "Mecking, Henrique"]
[Result "1/2-1/2"]
[WhiteElo "2250"]
[BlackElo "2590"]
[PlyCount "56"]
[EventDate "2011.12.10"]
[EventType "tourn"]
[EventRounds "11"]
[EventCountry "BRA"]
[EventCategory "10"]
[SourceTitle "CBM 145 Extra"]
[Source "ChessBase"]
[SourceDate "2012.01.03"]
[SourceVersion "1"]
[SourceVersionDate "2012.01.03"]
[SourceQuality "1"]

1. d4 Nf6 2. Nf3 g6 3. Bf4 d6 4. e3 Nh5 5. Bg5 h6 6. Bh4 g5 7. Nfd2 Ng7 8. Bg3 Nf5 9. Bd3 Nxg3 10. hxg3 Bg7 11. c3 Nc6 12. g4 e6 13. Nf1 Qe7 14. Ng3 Bd7 15. Nh5 Bf8 16. Qf3 0-0-0 17. Nd2 d5 18. Nf6 Bg7 19. Nxd7 Rxd7 20. 0-0-0 Nb8 21. Kb1 c6 22. e4 Rc7 23. Rhe1 Rd8 24. Nb3 dxe4 25. Bxe4 Nd7 26. g3 Kb8 27. Bc2 Qf6 28. Qe2 Rcc8 1/2-1/2

[Event "BRA-ch 78th"]
[Site "Campinas"]
[Date "2011.12.12"]
[Round "3"]
[White "Reis, Paulo F Jatoba"]
[Black "Mecking, Henrique"]
[Result "1/2-1/2"]
[WhiteElo "2438"]
[BlackElo "2590"]
[PlyCount "49"]
[EventDate "2011.12.10"]
[EventType "tourn"]
[EventRounds "11"]
[EventCountry "BRA"]
[EventCategory "10"]
[SourceTitle "CBM 145 Extra"]
[Source "ChessBase"]
[SourceDate "2012.01.03"]
[SourceVersion "1"]
[SourceVersionDate "2012.01.03"]
[SourceQuality "1"]

1. c4 Nf6 2. g3 g6 3. Bg2 d5 4. cxd5 Nxd5 5. Nc3 Nb6 6. d3 Bg7 7. Be3 e5 8. Qd2 0-0 9. Bh6 Qe7 10. h4 Bxh6 11. Qxh6 f6 12. Rc1 c6 13. Nf3 Bg4 14. 0-0 Na6 15. Rfd1 Rad8 16. a3 Nc5 17. Nd2 Nba4 18. Nxa4 Nxa4 19. f3 Be6 20. Rc2 Nc5 21. Rdc1 Nb3 22. Nxb3 Bxb3 23. Rc3 Bd5 24. Qe3 a5 25. Qc5 1/2-1/2

[Event "BRA-ch 78th"]
[Site "Campinas"]
[Date "2011.12.10"]
[Round "1"]
[White "Fier, Alexandr"]
[Black "Mecking, Henrique"]
[Result "1/2-1/2"]
[WhiteElo "2573"]
[BlackElo "2590"]
[PlyCount "103"]
[EventDate "2011.12.10"]
[EventType "tourn"]
[EventRounds "11"]
[EventCountry "BRA"]
[EventCategory "10"]
[SourceTitle "CBM 145 Extra"]
[Source "ChessBase"]
[SourceDate "2012.01.03"]
[SourceVersion "1"]
[SourceVersionDate "2012.01.03"]
[SourceQuality "1"]

1. d4 Nf6 2. c4 g6 3. Nc3 Bg7 4. e4 d6 5. Nf3 0-0 6. Be2 e5 7. 0-0 Nc6 8. d5 Ne7 9. b4 Nh5 10. Re1 a5 11. bxa5 Rxa5 12. a4 Nf4 13. Ba3 f5 14. Bb4 Nxe2+ 15. Qxe2 Ra6 16. c5 fxe4 17. Nd2 Nf5 18. Ndxe4 Nd4 19. Qb2 Bf5 20. cxd6 cxd6 21. Nb5 Nxb5 22. axb5 Rxa1 23. Qxa1 Bxe4 24. Rxe4 Qc7 25. Qd1 Ra8 26. g3 Bf8 27. Qb3 Ra1+ 28. Kg2 Rc1 29. Bd2 Rc2 30. Be3 Rc3 31. Qd1 Rc4 32. Qg4 Rxe4 33. Qxe4 Qd7 34. Qc4 Be7 35. g4 Bd8 36. h3 Kf7 37. Kf3 Ke8 38. Ke2 Qc7 39. Qb3 Qa5 40. b6 Kd7 41. Kf3 Ke8 42. Kg3 Kd7 43. h4 Ke8 44. Kg2 Qa6 45. h5 Qa5 46. Kh2 Kf7 47. h6 Ke8 48. Kg2 Kd7 49. Kh3 Ke8 50. f4 exf4 51. Bxf4 Qe1 52. Qe3+ 1/2-1/2